000 01044nam a22003257a 4500
003 CHAP
005 20220329141556.0
008 971013s1958 r 00010 d
010 _a70392
011 _a71364
035 _a80918
040 _cCHAP
082 _a631.6
_bC35 1958
100 0 0 _aCalder, Ritchie.
_917354
245 _aMen against the desert
250 _a2 ed.
260 _aLondon :
_bGeorge Allen,
_c1958
300 _a208 p.
_b: ilus.
590 _aBATCH-UPD
_b10
_c20130110
_lUCH01
_h0441
590 _aBATCH-UPD
_b10
_c20130410
_lUCH01
_h0117
590 _aBATCH-UPD
_b10
_c20130914
_lUCH01
_h0816
590 _aCONVERSION
_b10
_c20130109
_lUCH01
_h1339
650 1 4 _aDesiertos.
_932143
650 1 4 _aTierras
_xRecuperación de.
_9113120
901 _aBK
942 _cLIBRO
949 _a631.6 C35 1958
_bBC
_cLIBRO
_d-33950
_eLIBRO
_h21775
_i80918
_si
_t40.50
949 _a631.6 C35 1958
_bBC
_cLIBRO
_d-34609
_eLIBRO
_fc.2
_h21776
_i80918
_si
_t40.50
949 _a631.6 C35 1958
_bBC
_cLIBRO
_d-34610
_eLIBRO
_fc.3
_h21777
_i80918
_si
_t40.50
999 _c70392
_d70392